书目信息 |
| 题名: |
考研英语词汇词根 + 联想记忆法
|
|
| 作者: | 俞敏洪 编著 | |
| 分册: | ||
| 出版信息: | 北京 海豚出版社 2018.03 |
|
| 页数: | 374页 | |
| 开本: | 20cm | |
| 丛书名: | ||
| 单 册: | ||
| 中图分类: | 213.487.038 , H313 | |
| 科图分类: | ||
| 主题词: | 英语 | |
| 电子资源: | ||
| ISBN: | 978-7-5110-4176-0 | |
| 000 | 00612nam0 2200205 450 | |
| 001 | 2034834097 | |
| 005 | 20200925094154.03 | |
| 010 | @a978-7-5110-4176-0@dCNY28.00 | |
| 100 | @a20200925d2018 km y0chiy0120 ea | |
| 101 | 0 | @achi |
| 102 | @aCN@b110000 | |
| 200 | 1 | @a考研英语词汇词根 + 联想记忆法@Akao yan ying yu ci hui ci gen+lian xiang ji yi fa@f俞敏洪编著@Fyu min hong bian zhu |
| 210 | @a北京@c海豚出版社@d2018.03 | |
| 215 | @a374页@d20cm | |
| 606 | 0 | @a英语 |
| 690 | @a213.487.038@v4 | |
| 690 | @aH313@v4 | |
| 701 | 0 | @a俞敏洪@Ayu min hong@4编著 |
| 801 | 0 | @aCN@bMUSE@c20200925 |
| 905 | @aMUSE@dH313@eY79610 | |
| 考研英语词汇词根 + 联想记忆法/俞敏洪编著.-北京:海豚出版社,2018.03 |
| 374页;20cm |
| ISBN 978-7-5110-4176-0:CNY28.00 |
| ● |
| 相关链接 |
|
|
|
正题名:考研英语词汇词根 + 联想记忆法
索取号:H313/Y79610
 
预约/预借
| 序号 | 登录号 | 条形码 | 馆藏地/架位号 | 状态 | 备注 |
| 1 | 1348703 | 213487038 | 语言库209/209语言库 104排8列3层/ [索取号:H313/Y79610] | 在馆 |